000 00531nam a2200181Ia 4500
003 OSt
005 20260114150053.0
008 210210b1949 xxu||||| |||| 00| 0 eng d
040 _cAL
041 _aKannada
082 _a859/961
100 _aNAGESHA KULAKARANI
_9145604
_dನಾಗೇಶ್ ಕುಲಕರ್ಣಿ
245 _aChalukyara vaibhava:
_bಚಾಲುಕ್ಯರ ವೈಭವ
260 _aAnandavana
_bSheshachala Granthamale
_c1949
690 _aKannada Fiction
_9145605
906 _a021711
942 _2ddc
_cBK
999 _c145811
_d145811